banner-ar

الاعلام البرية فى ضوء تصاوير الفنون التطبيقية الاسلامية / (Record no. 65854)

MARC details
000 -الفاتح
حقل البيانات ثابتة الطول 01080nam a22002657a 4500
005 - وقت وتاريخ اخر تعامل مع التسجيلة
رقم الضبط 20240530110846.0
008 - عناصر البيانات ثابتة الطول - معلومات عامة
حقل البيانات ثابتة الطول 201019s 2020ua ah f b 000 0 ara d
017 ## - رقم الايداع القانونى
رقم الايداع القانونى 28525
المصدر ( الهيئة المختصة) مصر. دار الكتب
020 ## - الرقم الدولى المعيارى للكتب
الرقم الدولى المعيارى للكتاب 9799773145460
040 ## - مصدر الفهرسة
وكالة الفهرسة الأصلية EG-CaGPL
وكالة النسخ EG-CaGPL
082 04 - رقم تصنيف ديوى العشرى
رقم الطبعة 21
رقم التصنيف 729.92/
رقم المادة ع أ
100 0# - المدخل الرئيسى - إسم شخصى
الإسم الشخصى عبد الناصر ياسين
245 12 - بيان العنوان
العنوان الاعلام البرية فى ضوء تصاوير الفنون التطبيقية الاسلامية /
بيان المسئوليه,etc تاليف عبد الناصر ياسين
250 ## - بيان الطبعة
بيان الطبعة ط.1
260 ## - PUBLICATION, DISTRIBUTION, ETC. (IMPRINT)
تاريخ النشر أو التوزيع 2020.
300 ## - الوصف المادى
التعداد 71 ص. :
تفاصيل ماديه اخرى للوعاء ايض ؛
أبعاد الوعاء 24 سم.
490 0# - بيان السلسلة
عنوان السلسلة دراسات وبحوث عن الاعلام عبر العصور الاسلامية ؛
رقم المجلد/ التعيين التسلسلي 3.
504 ## - تبصرة ببليوجرافية
تبصرة ببليوجرافية,الخ يشتمل على ارجاعات ببليوجرافية
650 07 - المدخل الاضافى بالموضوع-مصطلح موضوعى
مصدر الرأس أو المصطلح qrmak
مصطلح موضوعي الفن الاسلامى
650 07 - المدخل الاضافى بالموضوع-مصطلح موضوعى
مصدر الرأس أو المصطلح qrmak
مصطلح موضوعي الزخارف الاسلامية
650 07 - المدخل الاضافى بالموضوع-مصطلح موضوعى
مصدر الرأس أو المصطلح qrmak
مصطلح موضوعي الاعلام والريات
651 ## - المدخل الاضافى بالموضوع - اسم جغرافى
مصدر الرأس أو المصطلح qrmak
942 ## - عناصر المدخل الإضافي( كوها)
مصدر التصنيف او مخطط الترفيف Dewey Decimal Classification
Koha [default] item type كتاب
260 ## - PUBLICATION, DISTRIBUTION, ETC. (IMPRINT)
-- القاهرة :
-- مكتبة زهراء الشرق ،
Holdings
حالة التراجع حالة الفقد حالة تلف ليس للاعارة المكان المؤقت الموقع الحالى موقع الترفيف تاريخ الاكتساب اجمالي اﻻعارات رقم الطلب الباركود تاريخ اخر مشاهدة تاريخ تفعيل السعر نوع وعاء كوها
        مكتبة القاهرة الكبرى مكتبة القاهرة الكبرى   10/19/2020   729.92/ ع أ 166975 10/19/2020 10/19/2020 كتاب

Powered By

EGPV